| 000 | 01025cam a22002651i 4500 | ||
|---|---|---|---|
| 003 | SA-RiAUC | ||
| 005 | 20241017070329.0 | ||
| 008 | 241016s1998 su g 00010 ara c | ||
| 020 | _a9960748391 | ||
| 040 |
_aSA-JeKAU _bara _cSA-RiAUC _erda |
||
| 082 | 0 | 4 | _a255 |
| 090 |
_a255 _bح د ي |
||
| 100 | 1 |
_aالحديثي، عبد الله بن صالح بن سليمان، _d1374 هجري- _eمؤلف. |
|
| 245 | 1 | 2 |
_aالتداوي في استيفاء العقوبات البدنية / _cعبد الله بن صالح بن سليمان الحديثي. |
| 250 | _aالطبعة الأولى. | ||
| 264 | 1 |
_aالرياض : _bدار المسلم، _c1998 |
|
| 300 |
_a86 صفحة ؛ _c24 سم |
||
| 336 |
_aنص _btxt _2rdacontent _3كتاب |
||
| 337 |
_aبدون وسيط _bn _2rdamedia |
||
| 338 |
_aمجلد _bnc _2rdacarrier |
||
| 650 | 7 |
_aالجنايات (فقه إسلامي) _2aucsh |
|
| 650 | 7 |
_aالعقوبات (فقه إسلامي) _2aucsh |
|
| 942 |
_2ddc _cBOOK _n0 |
||
| 949 |
_aSA-JeALM _d241016 _umohamedma123 _n1 |
||
| 999 |
_c1439 _d1439 |
||